[Event "Linares Anibal op 03rd"]
[Site "Linares"]
[Date "1996.??.??"]
[Round "?"]
[White "Lputian, Smbat G"]
[Black "Cifuentes Parada, Roberto"]
[Result "0-1"]
[WhiteElo "2580"]
[BlackElo "2490"]
[Annotator "Cifuentes Parada,L"]
[PlyCount "70"]
[EventDate "1996.01.??"]
[EventType "swiss"]
[EventRounds "10"]
[EventCountry "ESP"]
[SourceTitle "CBM 051"]
[Source "ChessBase"]
[SourceDate "1996.04.01"]
[SourceVersion "1"]
[SourceVersionDate "1996.04.01"]
[SourceQuality "1"]

1. c4 e5 2. Nc3 Nc6 3. Nf3 g6 4. e3 f5 5. d4 e4 6. Nd2 Nf6 7. c5 $146 (7. a3
Bg7 8. b4 O-O 9. g3 d6 10. Nb3 Qe7 11. Qc2 $13 {Kortchnoi,V-Spassky,B/ Kiev (m/
4) 1968}) 7... d5 8. cxd6 cxd6 9. d5 Ne5 10. Nc4 Nxc4 11. Bxc4 Bg7 $10 12. Bd2
O-O 13. Nb5 Ng4 14. h3 a6 $1 15. Nd4 Bxd4 $5 (15... Ne5 $5 16. Be2 f4 $1 17.
exf4 Nd3+ 18. Bxd3 Bxd4 (18... exd3 $10) 19. Be2 (19. Bxe4 $2 Re8 20. Qe2 Bf5
21. f3 Qh4+ $17) 19... Qh4 20. O-O (20. g3 Qf6 $44) 20... Bxh3 21. gxh3 $1 (21.
Qc2 $2 Qg3 22. Qxe4 Rae8 23. Qf3 Qxg2+ $19) (21. Be3 $2 Bxe3 22. fxe3 Qg3 23.
Rf2 Qxe3 $1 (23... Rxf4 24. exf4 e3 25. Qf1 $10) 24. gxh3 Rxf4 $19) 21... Qg3+
22. Kh1 Qxh3+ 23. Kg1 Qg3+ 24. Kh1 Qh3+ $10 (24... Bxf2 $6 25. Bg4 Rae8 26.
Rxf2 Qxf2 27. Qe1 $1 (27. Be6+ $2 Rxe6 $1 28. dxe6 Rf5 $19))) 16. exd4 Nxf2 $5
(16... e3 $5 17. fxe3 (17. Bxe3 $2 Nxe3 18. fxe3 Qh4+ 19. Kd2 (19. Kf1 $2 f4
20. e4 f3) 19... f4 $17) (17. hxg4 exd2+ 18. Qxd2 fxg4 $17) 17... Qh4+ 18. Ke2
Qf2+ 19. Kd3 b5 20. Bb3 Nf6 $44) 17. Kxf2 f4 18. Be1 $6 (18. Kg1 $1 f3 19. Be3
fxg2 20. Kxg2 Rf3 21. Qe1 Bxh3+ (21... Bd7 22. Rc1 Qf6 23. Bf1 Rf8 24. Kh2 Qf5
25. Kg1 $1 Qh5 26. Bg2 Bxh3 27. Bxf3 Rxf3 28. Rh2 $1 $18) 22. Rxh3 Rxh3 23.
Kxh3 Qc8+ 24. Kg2 Qxc4 $13) 18... b5 (18... f3 19. Bd2 $1 (19. g3 $2 e3+ $1 $17
) 19... Qf6 20. Be3 $16) 19. Be2 Bb7 20. h4 (20. Qb3 $5 Qf6 21. Rd1 f3 22. gxf3
exf3 23. Bxf3 Qxf3+ 24. Qxf3 Rxf3+ 25. Kxf3 Bxd5+ 26. Kg3 Bxh1 27. Bb4 Bd5 28.
Bxd6 Bxa2 $15) (20. Rf1 Qg5 21. Bg4 Bxd5 $17) 20... Bxd5 21. a4 (21. Rh3 $5)
21... Qf6 22. axb5 f3 23. gxf3 exf3 24. Bf1 Rae8 $1 25. Qd3 (25. bxa6 $2 Re2+
$18) (25. Rh3 Re4 $3 26. bxa6 Rg4 27. Ra3 Rg2+ 28. Bxg2 fxg2+ 29. Rhf3 Bxf3 30.
Rxf3 Qxf3+ 31. Qxf3 Rxf3+ 32. Kxg2 Rb3 $1 33. a7 Rxb2+ 34. Bf2 Ra2 35. d5 Kf7
$19) 25... Re2+ $2 (25... axb5 $1 26. b3 $8 (26. Qxb5 Qxd4+ $19) (26. Bd2 Re2+
27. Kg3 Rg2+ 28. Bxg2 fxg2 29. Rhg1 Qf2+ 30. Kh2 Rf3 31. Be1 Qxg1+ $19) 26...
Re2+ 27. Bxe2 fxe2+ 28. Kxe2 Re8+ $1 29. Kd2 (29. Kd1 $2 Bxh1 $19) 29... Qf4+
30. Kc3 (30. Kd1 $2 Bf3+ $19) 30... Re3 31. Rh3 b4+ 32. Kb2 Rxd3 33. Rxd3 Qh2+
34. Rd2 Qh3 $19) 26. Bxe2 fxe2+ 27. Kxe2 axb5 28. Kd2 Bxh1 29. Bg3 Bd5 30. Ra6
Bc4 31. Qe3 $2 (31. Qe4 $1 Qf1 32. Ra8 $1 (32. Rxd6 Rf2+ 33. Bxf2 Qxf2+ 34. Kd1
(34. Kc1 Qg1+ 35. Kd2 Qh2+ $19) 34... Qg1+ 35. Qe1 Bb3+ 36. Kd2 Qh2+ 37. Kc3
Qxd6 38. Kxb3 Qd5+ 39. Kc2 Kf7 $15)) 31... Qf1 $1 32. Rxd6 Qg2+ 33. Kc1 Ra8 34.
Qf2 Qe4 $19 35. Qc2 Qe3+ 0-1

[Event "Biel"]
[Site "Biel"]
[Date "1986.07.26"]
[Round "6"]
[White "Greenfeld, Alon"]
[Black "Hort, Vlastimil"]
[Result "1/2-1/2"]
[WhiteElo "2510"]
[BlackElo "2545"]
[Annotator "Dolmatov,S"]
[PlyCount "88"]
[EventDate "1986.07.20"]
[EventType "tourn"]
[EventRounds "11"]
[EventCountry "SUI"]
[EventCategory "12"]
[SourceTitle "MCL"]
[Source "ChessBase"]
[SourceDate "1999.07.01"]
[SourceVersion "1"]
[SourceVersionDate "1999.07.01"]
[SourceQuality "1"]

1. c4 e5 2. Nc3 Nc6 3. Nf3 f5 4. d4 e4 5. Ng5 Nf6 6. Nh3 (6. e3 d6 7. f3 $14)
6... Bb4 7. e3 Bxc3+ 8. bxc3 d6 9. Nf4 Ne7 10. Ba3 c6 (10... b6 11. c5 $1 $40)
11. h4 (11. Qb3 $5 Ng6 (11... O-O $2 12. Bxd6 $18) 12. Nxg6 hxg6 13. Qb4 Ke7
14. Be2 $14) 11... Ng6 (11... O-O $6 12. h5 $16) 12. g3 O-O 13. Qb3 (13. Nh3
Rf7 14. h5 Nf8 15. Nf4 $14) 13... Rf7 14. Nh3 Nf8 15. Ng5 Rd7 16. Be2 Qe7 17.
O-O-O Rd8 18. Kb1 h6 19. Nh3 Be6 20. Nf4 Bf7 21. h5 Ne6 $6 (21... b5 $5 22. Ka1
Rab8 $15) 22. Nxe6 Bxe6 23. Qa4 Qf7 (23... Nd7 $5 24. d5 Bf7 25. dxc6 Nb6 26.
Qb4 bxc6 $15 27. Rxd6 $2 Rdb8 $17) 24. Ka1 a6 $6 (24... b6 $5 {/\c5} 25. Qxc6
Rac8 26. Qb5 Bxc4 27. Bxc4 Qxc4 28. Qxc4+ Rxc4 $17) 25. c5 d5 $10 26. Rh4 Ng4
27. Rf1 Qe7 28. Bc1 Qc7 29. Bd2 Rf8 30. Qb3 Rf7 31. Rhh1 Re8 32. Bc1 Kh7 33.
Bd1 Qd8 34. Qb2 Kh8 35. Qe2 Qa5 36. Qb2 Nf6 37. Be2 Rb8 38. Qa3 Qd8 39. Bd2 Ng4
40. Qa4 Kh7 41. Qc2 Kh8 42. Bc1 Nf6 43. Ba3 Re7 44. Bb4 Qd7 1/2-1/2

[Event "Yerevan"]
[Site "Yerevan"]
[Date "1996.??.??"]
[Round "9"]
[White "Gulko, Boris F"]
[Black "Hracek, Zbynek"]
[Result "1-0"]
[WhiteElo "2615"]
[BlackElo "2650"]
[Annotator "Dolmatov,S"]
[PlyCount "111"]
[EventDate "1996.04.??"]
[EventType "tourn"]
[EventRounds "11"]
[EventCountry "ARM"]
[EventCategory "15"]
[SourceTitle "CBM 053"]
[Source "ChessBase"]
[SourceDate "1996.08.01"]
[SourceVersion "1"]
[SourceVersionDate "1996.08.01"]
[SourceQuality "1"]

1. c4 e5 2. Nc3 Nc6 3. Nf3 Bb4 4. Nd5 Bc5 (4... a5 5. g3 d6 6. Bg2 e4 7. Ng1
Nf6 8. f3 O-O $14 {Gurevich,M-Pribyl,J/BRD/1994/}) 5. e3 e4 $6 6. d4 Be7 (6...
exd3 7. Bxd3 d6 8. O-O Nge7 9. a3 a5 10. b3 $14) 7. Nd2 f5 8. g4 $1 Nb4 (8...
d6 9. gxf5 Bxf5 10. Bg2 $16) 9. gxf5 (9. Nxb4 Bxb4 10. gxf5 Nf6 $132) 9... Nxd5
10. Qh5+ Kf8 $8 (10... g6 $2 11. fxg6 Ndf6 12. g7+ Nxh5 13. gxh8=Q $18) 11.
cxd5 Nf6 12. Qh4 c6 13. Nxe4 $16 (13. dxc6 d5 14. cxb7 Bxb7 $14) 13... Nxd5 (
13... Qa5+ 14. Bd2 Qxd5 15. Bd3 $1 $40 (15. Nxf6 $2 Bxf6 $132 (15... Qxh1 $6
16. Nxh7+ $16))) (13... Nxe4 14. Qxe4 Qa5+ 15. Bd2 Bb4 16. Rd1 $16 (16. Qc2 $6
Bxd2+ 17. Qxd2 Qxd5 18. Rg1 d6 $14)) 14. Qg4 Nb4 15. Rg1 Rg8 16. Kd1 d5 17. Ng5
Bxg5 18. Qxg5 Qxg5 19. Rxg5 h6 (19... Kf7 20. Bd2 Na6 21. e4 $16) 20. Rg3 Bxf5
21. Bd2 Na6 (21... a5 22. a3 $16) 22. Rf3 g6 23. Bd3 Ke7 24. Bxf5 gxf5 25. Rxf5
Rg1+ 26. Be1 Rf8 27. Re5+ (27. Rxf8 $6 Kxf8 28. Ke2 Rg2 $14 (28... Kf7 29. h4
Rh1 30. f3)) 27... Kd7 28. Ke2 Rf6 29. Rc1 Rg2 30. Rh5 Nc7 31. Kf1 Rg8 (31...
Rfg6 32. Rh3 Rg1+ 33. Ke2) 32. Rh3 Ne6 33. Rg3 Rgf8 34. Ke2 Ng5 35. f4 Ne4 36.
Rg4 Rf5 37. Bb4 $18 R8f7 38. Rcg1 Rh5 39. h4 Ke6 (39... Nf6 40. Rg7 Ke6 41. Be1
) 40. Be1 Rhf5 41. Kf3 h5 42. Rg8 Rf8 43. R1g6+ Kd7 (43... R5f6 44. Rxf8 Rxg6
45. f5+ Ke7 46. Bb4+ c5 47. Bxc5+ Nxc5 48. fxg6 Kxf8 49. dxc5 $18) 44. Bb4 Rxg8
45. Rxg8 Rf7 46. Rh8 Ke6 47. Rxh5 Rg7 48. f5+ Kf6 49. Kf4 Rg2 50. Rh6+ Kg7 51.
Re6 Rxb2 52. a3 Rb3 53. h5 a5 54. h6+ Kg8 55. Re8+ Kh7 56. Bf8 1-0

[Event "POL-ch 58th"]
[Site "Warsaw"]
[Date "2001.03.23"]
[Round "6"]
[White "Urban, Klaudiusz"]
[Black "Krasenkow, Michal"]
[Result "0-1"]
[WhiteElo "2429"]
[BlackElo "2658"]
[Annotator "Ernst,T"]
[PlyCount "78"]
[EventDate "2001.03.18"]
[EventType "tourn"]
[EventRounds "13"]
[EventCountry "POL"]
[EventCategory "11"]
[SourceTitle "CBM 082"]
[Source "ChessBase"]
[SourceDate "2001.05.17"]
[SourceVersion "1"]
[SourceVersionDate "2001.05.17"]
[SourceQuality "1"]

1. c4 e5 2. Nc3 d6 3. g3 g6 4. d4 Bg7 5. Nf3 exd4 6. Nxd4 Nc6 $5 {This leads
to a lively game where black has good pieceplay but a weakened queenside. In
other words a good way for black to play for a win.} 7. Nxc6 bxc6 8. Bg2 Ne7 9.
Bg5 f6 10. Bf4 Be6 11. c5 d5 12. Qa4 $14 O-O 13. Qa5 Rc8 14. O-O {The
following line shows that black is not without chances if white accepts the
temporary pawn sacrifice.} (14. Qxa7 g5 15. Bc1 Ra8 16. Qb7 d4 17. Ne4 Rxa2 18.
Rxa2 Bxa2 19. h4 Bd5 20. hxg5 f5 21. Nf6+ Bxf6 22. gxf6 Bxg2 23. fxe7 Qxe7 24.
Rh2 Re8 25. Qb3+ Bd5 26. Qc2 Be4 $11) 14... g5 15. Bd2 d4 16. Nd1 {A passive
retreat, black soon obtains an attack.} (16. Ne4 $14) 16... Bd5 17. e4 (17.
Bxd5+ $1 {White's best chance to play for a win.} Qxd5 (17... Nxd5 18. e4 Ne7 (
18... dxe3 19. Bxe3 $14) 19. Qxa7 Ng6 20. Qa4) 18. Qxa7 Rfe8 $13 {Black has
some attacking chances for the pawn.}) 17... Bc4 18. Re1 Ng6 19. b3 Be6 20. Qa6
{White's queenside attack is to slow and black now seizes the initiative.} (20.
Qxa7 Ra8 21. Qb7 Ne5 22. f4 Qd7 {Wins the queen.} 23. fxe5 Rfb8 $15) 20... Qd7
21. Nb2 Bh3 22. Bxh3 (22. Bh1 Ne5 {With the attack.}) 22... Qxh3 23. Qf1 (23.
Qc4+ Kh8 24. Qxd4 Ne5 $19 {With a winning attack.}) 23... Qh5 24. Qe2 g4 {
Aims at the weakened f3-square.} 25. Nd3 Ne5 $17 26. Nxe5 fxe5 27. Qa6 {
White goes for a pawn-hunt again.} Rcd8 28. Rf1 {The f2-pawn was under attack.}
(28. Qxc6 Rxf2 29. Kxf2 Qxh2+ 30. Kf1 Rf8+ 31. Bf4 exf4 $19) 28... Rf6 29. Qxa7
Bh6 30. Rad1 (30. Qxc7 Rdf8 31. Ba5 {This should lead to a draw} (31. Rad1 {
This is the game.}) 31... Qh3 $1 {Black's attack is irrestistible, so white
must give his queen.} (31... Bg5 32. Qxe5 Rxf2 (32... Rh6 33. h4 gxh3 34. f4
h2+ 35. Kh1 $18) 33. Rxf2 Rxf2 34. Qe6+ Rf7 35. Rf1 Be3+ 36. Kh1 $18) (31...
Rxf2 32. Rxf2 Rxf2 33. Kxf2 Qxh2+ 34. Kf1 Qh1+ 35. Ke2 Qxe4+ 36. Kf1 Qh1+ 37.
Ke2 Qf3+ 38. Ke1 Qxg3+ 39. Kf1 Qf3+ 40. Ke1 Qh1+ 41. Ke2 Qf3+ $11 (41... Qxa1
$2 {Black must take the draw.} 42. Qc8+ Kf7 43. Qf5+ $14)) 32. Qxe5 Be3 33.
Qxf6 (33. Be1 Rh6 $19) (33. Bc7 Rh6 $19) (33. Bd8 Rxf2 34. Rxf2 Rxf2 35. Qe6+
Kg7 36. Qe5+ Kg6 37. Qe8+ Kh6 $19) 33... Rxf6 34. fxe3 Rf3 35. Bc7 dxe3 36. Bf4
Qh5 37. b4 Rxf1+ 38. Rxf1 Qg6 39. Bxe3 Qxe4 40. Bd2 Qd5 41. Bh6 Qd4+ 42. Rf2
Qd1+ $11) 30... Rdf8 31. Qxc7 Qh3 32. Qxe5 Be3 $1 33. Bxe3 $1 (33. Qxf6 {
A similar queen sacrifice as in the previous line, but here it's worse.} Rxf6
34. fxe3 Rf3 $8 35. exd4 Rxg3+ {This sacrifice is black's only way to play for
a win.} 36. hxg3 Qxg3+ 37. Kh1 Qh3+ 38. Kg1 g3 39. Rf2 $8 gxf2+ 40. Kxf2 Qh4+
41. Ke3 Qg3+ 42. Ke2 Qg4+ 43. Ke1 Qxe4+ 44. Kf2 Qxd4+ $17) 33... dxe3 34. Qg5+
Kh8 35. Rd7 $4 {This loses beautifully.} (35. Qxe3 $1 {After this black can't
avoid perpetual check.} Rh6 36. Qd4+ Kg8 37. Qc4+ Kh8 $11 (37... Rf7 $6 38.
Rd8+ Kg7 39. Qd4+ Rff6 40. Rd1 Qxh2+ 41. Kf1 Qh1+ 42. Ke2 Qf3+ 43. Kd2 Rh2 44.
Kc1 Rxf2 45. e5 Re6 46. Qd7+ Qf7 47. Qxf7+ $18)) 35... exf2+ 36. Rxf2 Qxh2+ $19
{This queen sacrifice forces mate.} (36... Qg2+ $3 {A dual solution found by
Fritz.}) 37. Kxh2 Rxf2+ 38. Kg1 Rf1+ 39. Kg2 R8f2# 0-1

[Event "USA-ch"]
[Site "Key West"]
[Date "1994.??.??"]
[Round "1"]
[White "Gulko, Boris F"]
[Black "Browne, Walter Shawn"]
[Result "1-0"]
[WhiteElo "2590"]
[BlackElo "2535"]
[Annotator "Ftacnik,L"]
[PlyCount "68"]
[EventDate "1994.10.??"]
[EventType "tourn"]
[EventRounds "13"]
[EventCountry "USA"]
[EventCategory "13"]
[SourceTitle "CBM 044"]
[Source "ChessBase"]
[SourceDate "1995.02.01"]
[SourceVersion "1"]
[SourceVersionDate "1995.02.01"]
[SourceQuality "1"]

1. c4 {Ribli} e5 2. Nc3 Nc6 3. Nf3 f5 (3... Bb4 {Ribli} 4. Nd5 a5 5. g3 d6 6.
Bg2 $14 {Gurevich,M-Pribyl,J/BL 9394/INF60,30/}) 4. g3 $5 (4. d4 e4 5. Ng5)
4... Nf6 5. d4 (5. Bg2 {Ribli} e4 6. Ng1 Bb4 $13 {Adorjan,A-Nikolic,Pr/Wijk/
1984/INF37,(26)/}) 5... e4 6. Nh4 g6 7. Bg5 Bg7 (7... h6 $6 8. Nxg6 hxg5 9.
Nxh8 Ne7 10. h4 g4 11. h5 $18) 8. Qd2 O-O (8... h6 9. Bxf6 Qxf6 10. Nd5 Qd6 11.
Qf4 $1 (11. Nxg6 Qxg6 12. Nxc7+ Kd8 13. Nxa8 Nxd4 $132) 11... Qxf4 12. gxf4
Nxd4 13. O-O-O Ne6 14. Nxg6 $16) 9. Bg2 Ne7 10. f3 exf3 11. Bxf3 c6 12. Ng2 $1
d6 (12... d5 13. cxd5 cxd5 14. Nf4 {xd5}) 13. O-O Be6 14. d5 cxd5 15. cxd5 Bf7
$2 (15... Bd7 16. Nf4 b5 $132) 16. Kh1 $1 (16. Nf4 b5 $1 (16... Qd7 {Ribli} 17.
Ne6 Bxe6 18. dxe6 Qxe6 19. Bxb7 Rab8 $13) 17. Nxb5 Qb6+ 18. Nd4 Nfxd5 $36)
16... Qd7 17. a4 Rae8 18. Be3 Nc8 19. Bd4 Kh8 $6 (19... Nb6 $5 20. b3 Qc7 21.
a5 Nbd7 22. Bxa7 Nc5 $44) 20. Nf4 Bg8 (20... Re7 $5 {Ribli}) 21. b3 Re7 22.
Rac1 a6 (22... Rfe8 {Ribli} 23. Nb5 $1 a6 24. Nc7 Rf8 25. Nce6 $18) 23. e4 $1
Rfe8 (23... fxe4 24. Nxe4 (24. Bg2 $44 {Ribli}) 24... Nxe4 25. Bxe4 Rxe4 26.
Nxg6+ $1 hxg6 27. Qh6+ Bh7 28. Rxf8#) 24. Bg2 $1 Ng4 (24... fxe4 25. Bh3 Ng4 (
25... Qd8 {Ribli} 26. Ne6 Bxe6 27. Bxe6 $18) 26. Qd1 $18) (24... Nxe4 25. Nxe4
fxe4 26. Bh3 $18) 25. Bh3 Bxd4 (25... Be5 26. exf5 gxf5 (26... Qxf5 27. Qd1
Bxd4 28. Qxd4+ Qe5 29. Nxg6+ hxg6 30. Qxg4 Bxd5+ 31. Nxd5 Qxd5+ 32. Bg2 Qg8 33.
Qb4 $16) 27. Bxg4 fxg4 28. Nh5 $16) (25... Ne5 {Ribli} 26. exf5 gxf5 27. Nh5
$18) 26. Qxd4+ Rg7 (26... Ne5 {Ribli} 27. exf5 gxf5 28. Ne4 $18) 27. exf5 gxf5
(27... Qxf5 {Ribli} 28. Ne6 $18) 28. Nh5 Re5 29. Nxg7 Qxg7 30. Bxg4 fxg4 31.
Rce1 Ne7 (31... Rxe1 32. Qxg7+ Kxg7 33. Rxe1 $18) 32. Rxe5 dxe5 33. Qe4 h5 34.
d6 Nc6 1-0

[Event "Olympiad-23"]
[Site "Buenos Aires"]
[Date "1978.11.08"]
[Round "13"]
[White "Ghitescu, Theodor"]
[Black "Calvo Minguez, Ricardo"]
[Result "1-0"]
[WhiteElo "2450"]
[BlackElo "2455"]
[Annotator "Ghitescu,T"]
[PlyCount "83"]
[EventDate "1978.10.25"]
[EventType "team-swiss"]
[EventRounds "14"]
[EventCountry "ARG"]
[SourceTitle "EXT 2000"]
[Source "ChessBase"]
[SourceDate "1999.11.16"]
[SourceVersion "1"]
[SourceVersionDate "1999.11.16"]
[SourceQuality "1"]
[WhiteTeam "Romania"]
[BlackTeam "Spain"]
[WhiteTeamCountry "ROU"]
[BlackTeamCountry "ESP"]

{Inf.26/45} 1. c4 e5 2. Nc3 Nc6 3. Nf3 g6 4. d4 exd4 5. Nxd4 Bg7 6. Nxc6 bxc6
7. g3 Ne7 8. Bg2 O-O 9. O-O Rb8 10. Qc2 (10. Qa4 $5 {/\ Rd1+/=}) 10... d6 11.
Rb1 Bf5 $5 12. e4 Be6 13. b3 Qd7 $6 (13... c5 14. Bb2 Nc6 15. Ne2 $14) 14. Be3
a5 15. c5 $16 d5 16. Rbd1 Bg4 17. f3 Be6 18. Bd4 Rfd8 19. Bxg7 Kxg7 20. Ne2 Qc8
21. Qc3+ Kg8 (21... f6 22. g4 h6 23. h4 g5 24. Ng3 $18) 22. Qf6 Re8 23. h4 {
[/\ 24.h5 gxh5 25.Nf4+-]} Bh3 24. Nf4 Bxg2 25. Kxg2 dxe4 26. fxe4 Qg4 27. Rd4
$1 h6 (27... Rb4 28. Rxb4 axb4 29. Nh5 $1 $18) (27... Nf5 28. exf5 Re3 29. Rd8+
Rxd8 30. Qxd8+ Kg7 31. Qd4+ $18) (27... Nd5 28. exd5 Re3 29. Qg5 $1 Rxg3+ 30.
Kh1 $18) 28. Nd3 $1 Qe6 29. Qxe6 fxe6 30. Ne5 $18 Rb5 31. Rf6 Rxc5 32. Rxe6
Rc2+ 33. Kh3 g5 34. Rd7 gxh4 (34... Kf8 35. Rexe7) 35. Rexe7 Rxe7 36. Rxe7 hxg3
37. Kxg3 Rxa2 38. Ng4 h5 39. Nf6+ Kf8 40. Rxc7 Ra3 41. Kf4 Rxb3 42. e5 1-0

[Event "New York Reshevsky"]
[Site "New York"]
[Date "1992.??.??"]
[Round "5"]
[White "Rohde, Michael A"]
[Black "Polgar, Zsuzsa"]
[Result "1-0"]
[WhiteElo "2585"]
[BlackElo "2540"]
[Annotator "Granda Zuniga,J"]
[PlyCount "59"]
[EventDate "1992.07.??"]
[EventType "tourn"]
[EventRounds "9"]
[EventCountry "USA"]
[EventCategory "12"]
[SourceTitle "CBM 031"]
[Source "ChessBase"]
[SourceDate "1992.12.01"]
[SourceVersion "1"]
[SourceVersionDate "1992.12.01"]
[SourceQuality "1"]

1. c4 e5 2. Nc3 Nc6 3. Nf3 f5 4. d4 e4 5. Ng5 h6 6. Nh3 g5 7. Ng1 Bg7 8. e3 Nf6
9. h4 Kf7 $2 (9... g4 10. Nge2 Nh5 $1 $10) 10. Nh3 Kg6 11. f3 Qe7 (11... d6 12.
Nf2 Qe7 13. fxe4 fxe4 14. g4 $1 $16 {/\ Bg2}) (11... Re8 12. hxg5 hxg5 13. fxe4
fxe4 (13... Nxe4 14. Qh5+ $3 Kxh5 15. Nf4+ Kg4 16. Be2+ Kg3 17. Rh3#) 14. Nf2
$16) 12. fxe4 Nxe4 13. Nxe4 Qxe4 14. Bd3 $1 Qxg2 (14... Qxh4+ 15. Nf2 Qg3 16.
Qh5+ Kf6 17. Bxf5 Kxf5 18. Qf7+ Bf6 19. e4#) 15. Bxf5+ $3 Kxf5 16. Rf1+ Ke6 (
16... Kg6 17. Qd3+ Kh5 18. Nf4+ gxf4 19. Qf5+ Kxh4 20. Rxf4+ $18) 17. Qh5 Ne5 (
17... Qg3+ 18. Kd1 Rf8 19. Qg6+ Bf6 20. hxg5 hxg5 21. Rxf6+ Rxf6 22. Nxg5+ Ke7
23. Qg7+ $18) (17... Qxh3 18. Qf7+ Kd6 19. c5#) 18. dxe5 Bxe5 19. Qf7+ Kd6 20.
Rf6+ $1 Kc5 21. b4+ Kxb4 22. Bd2+ Ka3 23. c5 $1 d5 (23... Bxa1 24. Qb3#) 24.
cxd6 Bg3+ 25. Rf2 Qh1+ 26. Ke2 Bg4+ 27. Kd3 Bd1 28. Bc1+ Ka4 29. Qc4+ Ka5 30.
Bd2+ {Granda Zuniga,J} (30. Bd2+ Kb6 31. Rb1+ Bb3 32. Rxb3#) 1-0

[Event "Bayern-chI Bank Hofmann 14th"]
[Site "Bad Wiessee"]
[Date "2010.10.31"]
[Round "3"]
[White "Eichhorn, Andreas"]
[Black "Turov, Maxim"]
[Result "1-0"]
[WhiteElo "2321"]
[BlackElo "2639"]
[Annotator "Gutman,L"]
[PlyCount "63"]
[EventDate "2010.10.30"]
[EventType "swiss"]
[EventRounds "9"]
[EventCountry "GER"]
[SourceTitle "EXT 2011"]
[Source "ChessBase"]
[SourceDate "2010.11.26"]
[SourceVersion "1"]
[SourceVersionDate "2010.11.26"]
[SourceQuality "1"]

1. c4 e5 2. g3 Nc6 3. Nc3 f5 4. Nf3 Nf6 5. d4 e4 6. Nh4 d5 $6 ({Solider
erscheint} 6... d6 7. Bh3 g6 8. Bg5 Be7 9. O-O O-O $11 {Gulko-Ljubojevic, New
York 1995}) 7. Bg5 Be7 8. e3 O-O 9. Ng2 Ng4 $6 ({Vorsichtiger war} 9... dxc4
10. Bxc4+ Kh8 11. a3 Ng4 12. Bf4 $14 {mit Plus für Weiß.}) 10. cxd5 $6 ({
Viel stärker war} 10. Bxe7 Nxe7 11. Nf4 g5 12. Nfxd5 Nxd5 13. cxd5 f4 14. Be2
fxe3 ({oder} 14... Nf6 {Wegerer-Petschar, Frohnleiten 2000} 15. gxf4 gxf4 16.
Qc2 $16) 15. Bxg4 Qf6 16. Nxe4 exf2+ 17. Kf1 Qg6 18. Nc5 b6 19. Bxc8 Raxc8 20.
Qd3 bxc5 21. Qxg6+ hxg6 22. dxc5 $16 {mit Vorteil für Weiß.}) 10... Bxg5 11.
dxc6 bxc6 12. Bc4+ Kh8 13. h3 Nf6 14. Qa4 c5 $6 {Dies war nicht notwendig.} ({
Nach} 14... Qd6 15. Qa5 Nd7 16. Rc1 Nb6 17. Bb3 Be6 18. Bxe6 Qxe6 19. b3 Be7
20. Nf4 $14 {bliebe der schwarze Nachteil in Rahmen.}) 15. dxc5 Qe7 16. c6 a5 (
{Auch} 16... Rb8 {reicht nicht aus wegen} 17. Bb3 Rb6 18. O-O Ba6 19. Rfc1 Bd3
20. Qa5 g6 21. Na4 $16) 17. O-O-O ({Zu überlegen war} 17. O-O $5 $16) 17... Rb8
$6 ({Mehr Widerstand versprach} 17... Be6 18. Bxe6 Qxe6 19. Nf4 Bxf4 20. gxf4
Ra6 21. Rd4 Qxc6 22. Rhd1 $16) 18. Qxa5 Rb6 19. Kb1 ({Sehr stark war} 19. Rd5
Rxc6 20. Re5 $16) 19... Rxc6 20. Rd4 Nd7 21. Nd5 Qe5 22. Bb3 ({Und hier} 22.
Ngf4 $1 $16) 22... Rc5 ({Etwas hartnäckiger erscheint} 22... Nc5 23. Nb4 Rb6 {
, auch wenn nach} 24. Rc1 Be7 25. Rd5 Nxb3 26. Qxb6 cxb6 27. Rxe5 Bf6 28. Rb5
Nxc1 29. Kxc1 Bd8 30. Nf4 $16 {Weiß klar überlegen steht.}) 23. Qd2 c6 $2 ({
Der letzte Fehler. Notwendig war} 23... Bh6 24. Rd1 $16 {, und Weiß ist
obenauf.}) 24. h4 Bd8 25. Nc3 Bf6 26. Nf4 Nb6 27. h5 Bg5 28. Rd8 Qe7 29. Ng6+
hxg6 30. hxg6+ Bh6 31. Rxh6+ gxh6 32. Qd4+ 1-0

[Event "EU-chT (Men) 11th"]
[Site "Pula"]
[Date "1997.05.??"]
[Round "3.1"]
[White "Chernin, Alexander"]
[Black "Azmaiparashvili, Zurab"]
[Result "1/2-1/2"]
[WhiteElo "2635"]
[BlackElo "2650"]
[Annotator "Horn,Pe"]
[PlyCount "32"]
[EventDate "1997.05.05"]
[EventType "team-swiss"]
[EventRounds "9"]
[EventCountry "CRO"]
[SourceTitle "CBM 057 Extra"]
[Source "ChessBase"]
[SourceDate "1997.05.01"]
[SourceVersion "1"]
[SourceVersionDate "1997.05.01"]
[SourceQuality "1"]
[WhiteTeam "Hungary"]
[BlackTeam "Georgia"]
[WhiteTeamCountry "HUN"]
[BlackTeamCountry "GEO"]

1. Nf3 g6 2. c4 Bg7 3. Nc3 e5 {->A21} 4. d4 exd4 5. Nxd4 (5. Bg5 f6 6. Qxd4 Nc6
7. Qe3+ Nge7 8. Bh6 O-O 9. Bxg7 Kxg7 10. O-O-O d6 11. h4 $14 {Klinger-Minasian/
Moskau/1989}) 5... Nc6 {->A27} 6. Nc2 (6. Nxc6 {die Hauptfortsetzung} bxc6)
6... d6 (6... Nge7 7. h4 {Rodriguez-Barcenilla/Bacolod/1991}) 7. Nd5 $146 (7.
e4 Nge7 8. Be2 O-O 9. O-O f5 10. exf5 Nxf5 $11 {C.Hansen-Barua/Biel izt/1993})
7... Nge7 8. g3 O-O 9. Bg2 Ne5 10. b3 (10. Nce3) 10... Nxd5 11. cxd5 c5 $1 12.
O-O (12. dxc6 Nxc6 13. Rb1 Bf5 14. O-O Qa5 $15 {Die starken schwarzen Figuren
machen den schwachen Pd6 mehr als wett.}) 12... b5 {Nun ist eine
Benonistruktur herausgekommen, in der Schwarz sich nicht beklagen braucht.} 13.
Rb1 b4 {unterbindet gelegentliches b3-b4} 14. f4 Nd7 15. e4 a5 16. Bb2 Bxb2
1/2-1/2

[Event "FRA-chT Top 12"]
[Site "Montpellier"]
[Date "2015.06.08"]
[Round "10.1"]
[White "So, Wesley"]
[Black "Fedorchuk, Sergey A"]
[Result "0-1"]
[WhiteElo "2778"]
[BlackElo "2657"]
[Annotator "Ipatov,A"]
[PlyCount "62"]
[EventDate "2015.05.30"]
[EventType "team-tourn"]
[EventRounds "11"]
[EventCountry "FRA"]
[SourceTitle "CBM 166 Extra"]
[Source "ChessBase"]
[SourceDate "2015.06.18"]
[SourceVersion "1"]
[SourceVersionDate "2015.06.18"]
[SourceQuality "1"]
[WhiteTeam "Clichy-Echecs 92"]
[BlackTeam "Evry Grand Roque"]
[WhiteTeamCountry "FRA"]
[BlackTeamCountry "FRA"]

1. c4 e5 2. Nc3 Nc6 3. Nf3 Bc5 4. a3 d6 5. b4 Bb6 6. e3 Bg4 7. h3 Bh5 8. g4 Bg6
9. d4 exd4 10. exd4 a6 11. Bg2 h5 12. O-O hxg4 13. hxg4 Qd7 14. Re1+ Kf8 15. c5
Ba7 16. d5 Nce7 17. Qd4 Rd8 18. Bb2 f6 19. Qf4 Nh6 20. g5 Qg4 21. Qd2 Nf7 22.
gxf6 gxf6 23. Qd4 Ne5 24. Qxg4 Nxg4 25. Nd4 Kf7 26. Ne6 Rdg8 27. Nxc7 Ne5 28.
cxd6 Nc8 29. d7 {Wesley had been pressing throughout the entire game , but at
some point Black consolidated and took his chance when White overpushed.} Nf3+
$1 30. Kf1 (30. Bxf3 Be4+ 31. Kf1 Bxf3 {leads to a forced mate too.}) 30...
Bd3+ 31. Re2 Rh1+ $1 0-1